Décodez le texte #2 - citation - Statistiques

Statistiques générales
  • Ce quiz a été pris 71 fois
  • Le résultat moyen est 53 sur 58
Statistiques - réponses
chiffres lettres % Correct
7 L
100%
22 A
98%
7 L
95%
7 L
95%
7 L
95%
11 P
95%
26 E
92%
26 E
92%
26 E
92%
26 E
92%
26 E
92%
26 E
92%
26 E
92%
26 E
92%
26 E
92%
7 L
92%
14 S
92%
16 U
92%
22 A
91%
22 A
91%
23 B
91%
24 C
91%
24 C
91%
24 C
91%
25 D
91%
4 I
91%
4 I
91%
4 I
91%
4 I
91%
5 J
91%
9 N
91%
9 N
91%
9 N
91%
10 O
91%
10 O
91%
10 O
91%
10 O
91%
10 O
91%
10 O
91%
13 R
91%
13 R
91%
13 R
91%
13 R
91%
13 R
91%
14 S
91%
14 S
91%
14 S
91%
15 T
91%
15 T
91%
15 T
91%
15 T
91%
15 T
91%
15 T
91%
16 U
91%
16 U
91%
16 U
91%
17 V
91%
17 V
91%
Aucun quiz correspondant
Distribution des résultats
% des personnes avec chaque résultat
Percentile par nombre de réponses
Votre historique - résultats
Vous n’avez pas pris ce quiz